000 00323nam a2200097Ia 4500
082 _a711.40968|BEHR
245 0 _aMaking urban places : principles and guidelines for layout planning
100 _a Behrens, Roger Cape Town, South Africa, 1996
_968867
942 _cBK
008 210817s9999 xx 000 0 und d
999 _c222568
_d222567